El Himno Nacional [su traducción al italiano] (Registro nro. 337)
[ vista simple ]
| 000 -LEADER | |
|---|---|
| campo de control de longitud fija | 00705nam a2200217Ia 4500 |
| 001 - NÚMERO DE CONTROL | |
| campo de control | 337 |
| 003 - IDENTIFICADOR DE NÚMERO DE CONTROL | |
| campo de control | AR-BaAGN |
| 005 - FECHA Y HORA DE LA ÚLTIMA TRANSACCIÓN | |
| campo de control | 20230829142104.0 |
| 007 - CAMPO FIJO DE DESCRIPCIÓN FÍSICA--INFORMACIÓN GENERAL | |
| campo de control de longitud fija | ta |
| 008 - DATOS DE LONGITUD FIJA--INFORMACIÓN GENERAL | |
| campo de control de longitud fija | 211206s9999 xx 000 0 ita d |
| 040 ## - FUENTE DE CATALOGACIÓN | |
| Centro catalogador/agencia de origen | AR-BaAGN |
| Lengua de catalogación | español |
| Normas de descripción | aacr |
| 041 ## - CÓDIGO DE IDIOMA | |
| Código de lengua del texto | italiano |
| -- | español |
| 942 ## - ELEMENTOS DE ENTRADA SECUNDARIOS (KOHA) | |
| Tipo de ítem Koha | Folleto |
| Suprimir en OPAC | No |
| Fuente del sistema de clasificación o colocación | Clasificación Decimal Dewey |
| 245 03 - MENCIÓN DEL TÍTULO | |
| Título | El Himno Nacional [su traducción al italiano] |
| Resto del título | [recortes] |
| 264 ## - PRODUCCIÓN, PUBLICACIÓN, DISTRIBUCIÓN, FABRICACIÓN Y COPYRIGHT | |
| Lugar | [Lugar de publicación no identificado], |
| Fecha | [fechade publicación no identificada] |
| 300 ## - DESCRIPCIÓN FÍSICA | |
| Extensión | 1 volumen |
| 336 ## - TIPO DE CONTENIDO | |
| Fuente | rdacontent |
| Código de tipo de contenido | texto |
| 337 ## - TIPO DE MEDIO | |
| Fuente | rdamedia |
| Código del tipo de medio | no mediado |
| 338 ## - TIPO DE SOPORTE | |
| Fuente | rdacarrier |
| Código del tipo de soporte | volumen |
| 773 08 - ENCUADERNADO CON | |
| Biblionumber de la primera obra | 327 |
| Número de ítem | 27277 |
| Código de barra | JJB-713 |
| Título de la primera obra del volumen | Colombia, Estados Unidos y Panamá |
| Número de orden | (Número 11 de 15 obras encuadernadas juntas) |
| Etiqueta | Encuadernado con: |
No hay ítems disponibles.
